000 00705nam a2200181Ia 4500
008 100917s9999 xx 000 0 und d
082 _b44816
100 _aब्रह्मे सुलभा - संपा.
245 _aध. रा. गाडगीळ लेखसंग्रह खंड 2 रा.
260 _bगोखले अर्थशास्त्र संस्था
_c1974
300 _a304
365 _b25
520 _aनिबंध
630 _aध. रा. गाडगीळ लेखसंग्रह खंड 2 रा.
650 _aनिबंध
730 _aध. रा. गाडगीळ लेखसंग्रह खंड 2 रा.
942 _cBOOK
999 _c650210
_d650207